|
|
|
|
| LEADER |
00000nam0a2200000 4500 |
| 001 |
90918 |
| 005 |
20231031103754.0 |
| 035 |
|
|
|a (RuTPU)RU\TPU\book\97487
|
| 090 |
|
|
|a 90918
|
| 100 |
|
|
|a 20060216d1973 m y0rusy50 ca
|
| 101 |
0 |
|
|a rus
|
| 102 |
|
|
|a RU
|
| 105 |
|
|
|a a z 001zy
|
| 200 |
1 |
|
|a Рекомендации по изучению режима и баланса грунтовых вод на подтапливаемых промышленных площадках
|f Госстрой СССР; Главное управление по строительному проектированию предприятий, зданий и сооружений
|
| 210 |
|
|
|a Москва
|d 1973
|
| 215 |
|
|
|a 97 с.
|c ил.
|
| 320 |
|
|
|a Библиогр.: с. 92-96
|
| 610 |
1 |
|
|a грунтовые воды
|
| 610 |
1 |
|
|a гидрогеологические исследования
|
| 610 |
1 |
|
|a промышленные территории
|
| 610 |
1 |
|
|a подтопление
|
| 675 |
|
|
|a 624.131
|v 3
|
| 712 |
0 |
1 |
|a СССР
|b Государственный комитет по делам строительства (Госстрой СССР)
|b Главное управление по строительному проектированию предприятий, зданий и сооружений
|c (1950-1991)
|2 stltpush
|3 (RuTPU)RU\TPU\col\7934
|
| 801 |
|
1 |
|a RU
|b 63413507
|c 20060216
|g PSBO
|
| 801 |
|
2 |
|a RU
|b 63413507
|c 20090526
|g PSBO
|
| 942 |
|
|
|c BK
|